000 01075cam a2200229 4500
001 ABS63799
008 000000n2001 000 0 eng u
035 _a(Sirsi) u112141
100 _aBessey, J.
245 _aAhead of its time
260 _c2001
490 _aBuilding
_v266(8178) 30 March 2001, 52-54(3)
520 _aDiscusses the merits of the new PPC2000 partnering contract. Contends it is not fully compatible yet with aspects of English law. Enforcing various provisions of the contract could be difficult as it is general law which interprets contracts. However other opinion welcomes PPC2000, thinks it can work well and argues it is a force for change. Mentions the support from a number of areas such as the Movement for Innovation and the Construction Industry Council.
590 _aABS
650 _aPPC2000
650 _aPARTNERING AGREEMENTS
650 _aHOUSING GRANTS, CONSTRUCTION AND REGENERATION ACT 1996
650 _aCONSTRUCTION INDUSTRY
690 _aBUILT ENVIRONMENT-BUILDING CONTRACT FORMS
700 _aMosey, D.
942 _n0
999 _c66785
_d66785